Consideraciones de robustez aplicadas a la sintonía de controladores PID para el control regulatorio
Збережено в:
| Автор: | |
|---|---|
| Формат: | Книга |
| Мова: | Spanish |
| Опубліковано: |
2013
|
| Предмети: | |
| Теги: |
Додати тег
Немає тегів, Будьте першим, хто поставить тег для цього запису!
|
MARC
| LEADER | 00000nam a22000007a 4500 | ||
|---|---|---|---|
| 003 | 011823 | ||
| 005 | 20221231143904.0 | ||
| 008 | 150324b2013 cr a|||| |||| 00| 0 spa d | ||
| 040 | |c cru CEDI | ||
| 090 | |a TFG 6992 | ||
| 100 | |9 666 |a Castillo Cruz, Ronald | ||
| 245 | |a Consideraciones de robustez aplicadas a la sintonía de controladores PID para el control regulatorio | ||
| 260 | |c 2013 | ||
| 500 | |a Proyecto de graduación (bachillerato en ingeniería eléctrica)-- Universidad de Costa Rica. Facultad de Ingeniería. Escuela de Ingeniería Eléctrica | ||
| 650 | |x CONTROL AUTOMATICO |x CONTROLADORES LOGICOS PROGRAMABLES |x CONTROLADORES PID |x SISTEMAS DE CONTROL - MODELOS MATEMATICOS |x ECUACIONES DIFERENCIALES |x FUNCIONES ANALITICAS |9 667 | ||
| 942 | |c TFG | ||
| 999 | |c 13792 |d 13792 | ||
